Statistics for One Letter Geography

Click here to take the quiz!

General Stats

  • This quiz has been taken 31 times
  • The average score is 8 of 12

Answer Stats

HintAnswer% Correct
The name of several villages in Norway and SwedenÅ
89%
Central street in Budapest, HungaryÓ
75%
Municipality in Pohnpei, F.S. MicronesiaU
75%
Former name of Susitna North CDP in AlaskaY
75%
Mansion in Montpellier, FranceChâteau d'{O}
71%
River in Oregon that claims to be the shortest in the world{D} River
71%
Italy, in VietnameseÝ
71%
Island in the Potomac near Alexandria{H} Island
64%
River above Loch NessRiver {E}
64%
Volcano in Hokkaido, JapanMount {E}
61%
Ecological reserve in Benin, Burkina Faso, and Niger{W} National Park
61%
Body of water in Amsterdam, formerly a natural bay*IJ
14%

Score Distribution

Percentile by Number Answered

Percent of People with Each Score

Your Score History

You have not taken this quiz